000 00610nam a2200229Ia 4500
003 OSt
005 20220925225438.0
006 a|||||r|||| 00| 0
007 ta
008 220923b |||||||| |||| 00| 0 eng d
020 _a0761970606
037 _cGeneral Book
040 _aRTL
_cRTL
_beng
041 _2eng
_aeng
082 _aU:(Y), P5
100 _aCrossley Nick
_924827
245 0 _aKey concepts in critical social theory
260 _aLondon
_bSage Publication
_c2005
300 _ax, 340p
_ccm.
942 _hU:(Y), P5
_cGB
_2CC
999 _c583525
_d583525